Membership of the N.A.A. (Record no. 114322)
[ view plain ]
| 000 -LEADER | |
|---|---|
| fixed length control field | 00566cam a22001815a 4500 |
| 001 - CONTROL NUMBER | |
| control field | L156614 |
| 008 - FIXED-LENGTH DATA ELEMENTS--GENERAL INFORMATION | |
| fixed length control field | 120612n xxk f 000 0 eng d |
| 035 ## - SYSTEM CONTROL NUMBER | |
| System control number | (Sirsi) u156614 |
| 041 0# - LANGUAGE CODE | |
| Language code of text/sound track or separate title | eng |
| 110 2# - MAIN ENTRY--CORPORATE NAME | |
| Corporate name or jurisdiction name as entry element | National Association of Auctioneers, House Agents, Rating Surveyors and Valuers |
| 9 (RLIN) | 4989 |
| 245 00 - TITLE STATEMENT | |
| Title | Membership of the N.A.A. |
| 260 ## - PUBLICATION, DISTRIBUTION, ETC. | |
| Place of publication, distribution, etc. | London |
| Name of publisher, distributor, etc. | NAA |
| Date of publication, distribution, etc. | [193-?] |
| 300 ## - PHYSICAL DESCRIPTION | |
| Extent | [3] p. |
| Dimensions | 33 cm. |
| 520 ## - SUMMARY, ETC. | |
| Summary, etc. | Sets out the bye-laws of the NAA, as well as details of examinations. |
| 651 #4 - SUBJECT ADDED ENTRY--GEOGRAPHIC NAME | |
| Geographic name | Great Britain |
| Chronological subdivision | 1707- |
| 690 ## - LOCAL SUBJECT ADDED ENTRY--TOPICAL TERM (OCLC, RLIN) | |
| Topical term or geographic name as entry element | Auctioneering |
| 9 (RLIN) | 6218 |
| 942 ## - ADDED ENTRY ELEMENTS (KOHA) | |
| Suppress in OPAC | 0 |
| Withdrawn status | Lost status | Source of classification or shelving scheme | Damaged status | Not for loan | Home library | Current library | Shelving location | Date acquired | Total Checkouts | Full call number | Barcode | Date last seen | Copy number | Price effective from | Koha item type |
|---|---|---|---|---|---|---|---|---|---|---|---|---|---|---|---|
| Dewey Decimal Classification | Historic collection | Historic collection | RICS Boxes | 12/06/2012 | RICS 1930/13 | 30077571 | 06/08/2019 | 1 | 06/08/2019 | Archive |